000 00721cam a22002531 4500
999 _c3990
_d3990
001 9697532
003 GZU
005 20210311094642.0
008 761027s1933 stk 000 1 eng
010 _a 34011263
035 _a(OCoLC)2532443
040 _aDLC
_cGU
_dGU
_dDLC
042 _apremarc
050 0 0 _aPZ1 BLA 1933
_bHu2
130 0 _aBlackwood's magazine.
245 1 0 _aHumorous tales from "Blackwood."
_cW. M. Blackwood
260 _aEdinburgh,
_bW. Blackwood,
_c1933, t.p. 1935.
300 _a554 p.
_c19 cm.
500 _aIncludes contents of the series
650 0 _aShort stories.
650 0 _aWit and humor.
906 _a7
_bcbc
_coclcrpl
_du
_encip
_f19
_gy-gencatlg
942 _2lcc
_cBK
_h1
_iBLA
_kPZ